LEADER 01059nam a2200253 i 4500 001 000000160787 003 CaOOAMICUS 005 20181004152027.0 008 070413s1979 it u000 u ita u 013 $a138150 040 $aSeMil$bita 100 1 $aDi Nola, Alfonso Maria <1926-1997>.$0(OLS)http://semarc/name/6286 245 10$aVangeli Apocrifi :$bla nativitā e l'infanzia /$cAlfonso M. Di Nola ; con un'intervista di Michele L. Straniero. 260 $aRoma :$bLato Side,$c1979. 300 $a233 p. ;$c19 cm. 490 0 $aLato Side ;$v20 650 4$aBibbia - Apocrifi - Testi.$0(OLS)http://semarc/subject/1120 700 1 $aStraniero, Michele L.$0(OLS)http://semarc/name/8508 830 0$aLato side ;$v20.$0(OLS)http://semarc/title/38886 850 $aSeMil 852 $aSeMil$W1$xVenegono$y1$m1459 1 20 *$j112238$B112238$CSeMilBibl$Z2$F122539 $81 996 $6245$aVangeli Apocrifi :$bla nativitā e l'infanzia$9(OLS)http://semarc/title/143615 996 $6260$aRoma :$bLato Side$9(OLS)http://semarc/publisher/34684 LEADER 01360nam a2200241 i 4500 001 000000166107 003 CaOOAMICUS 005 20071106000000.0 008 071106s1998 it u000 u ita u 013 $a143475 040 $aSeMil$bita 100 1 $aMariano, Giovanni <1946- >.$0(OLS)http://semarc/name/89296 245 10$aEdoardo :$bquando anche i re diventavano santi. Per conoscere Edoardo 3., re d'Inghilterra dal 1042 al 1066, patrono della Parrocchia omonima in Busto Arsizio /$cGiovanni Mariano. In appendice : una "vita" in traduzione bustocca di Carla Mocchetti Azimonti. 260 $aBusto Arsizio :$bGiornale di s. Edoardo,$c(Stampa 1998) 300 $a100 p. :$bill. ;$c21 cm. 500 $aA pič del front. : 60° della Prima Pietra della Chiesa parrocchiale. - Fondo Card. C.M. Martini. 700 1 $aMocchetti Azimonti, Carla.$0(OLS)http://semarc/name/62622 850 $aSeMil 852 $aSeMil$W1$xVenegono$y1$m3F III 375$j117278$B117278$CSeMilBibl$Z2$F128725 $81 941 1 $a4 961 $aOmaggio: Martini Card. Carlo Maria 996 $6245$aEdoardo :$bquando anche i re diventavano santi. Per conoscere Edoardo 3., re d'Inghilterra dal 1042 al 1066, patrono della Parrocchia omonima in Busto Arsizio$9(OLS)http://semarc/title/237231 996 $6260$aBusto Arsizio :$bGiornale di s. Edoardo$9(OLS)http://semarc/publisher/45465